|
|
|
|
| LEADER |
00000nam0a2200000 4500 |
| 001 |
38612 |
| 005 |
20231031010324.0 |
| 035 |
|
|
|a (RuTPU)RU\TPU\book\39399
|
| 090 |
|
|
|a 38612
|
| 100 |
|
|
|a 20020312d1982 m y0rusy50 ca
|
| 101 |
0 |
|
|a rus
|
| 102 |
|
|
|a RU
|
| 105 |
|
|
|a y z 001zy
|
| 200 |
1 |
|
|a Программирование на Фортране ЕС ЭВМ в режиме разделения времени
|f З. С. Брич, Д. В. Капилевич, О. Г. Терехова
|
| 210 |
|
|
|a Москва
|c Финансы и статистика
|d 1982
|
| 215 |
|
|
|a 192 с.
|
| 320 |
|
|
|a Библиогр.: с. 168.
|
| 333 |
|
|
|a Исключено из фонда НТБ ТПУ
|
| 700 |
|
1 |
|a Брич
|b З. С.
|g Зинаида Сергеевна
|
| 701 |
|
1 |
|a Капилевич
|b Д. В.
|g Дора Вениаминовна
|
| 701 |
|
1 |
|a Терехова
|b О. Г.
|g Ольга Геннадьевна
|
| 801 |
|
1 |
|a RU
|b 63413507
|c 20020312
|g PSBO
|
| 801 |
|
2 |
|a RU
|b 63413507
|c 20160603
|g PSBO
|
| 942 |
|
|
|c BK
|